|
|
|
|
| LEADER |
00000ny a22000003n 4500 |
| 005 |
20110526140625.0 |
| 008 |
981120s1998 sp s 000 0 spa c |
| 017 |
|
|
|a D.L. M40346-1996
|
| 020 |
|
|
|a 847130919X
|
| 035 |
|
|
|a 1638
|
| 040 |
|
|
|a UMA.RE
|d vLex
|
| 040 |
|
|
|a UMA.RLB
|d vLex
|
| 080 |
|
|
|a 342.4(460)
|
| 090 |
|
|
|c 292
|d 292
|
| 245 |
0 |
0 |
|a Comentarios a la Constitucin̤ Espaǫla de 1978
|h [Recurso electrn̤ico]
|c dirigidos por Oscar Alzaga Villaamil / Luis Sǹchez Agesta ...[et al.]
|p Tomo VIII - Artc̕ulos 97 a 112 de la Constitucin̤ Espaǫla de 1978
|
| 256 |
|
|
|a Servicio en ln̕ea
|
| 260 |
|
|
|a [Madrid] :
|b Cortes Generales :
|b EDERSA,
|c cop.1998
|
| 300 |
|
|
|a 869 p. ;
|
| 506 |
1 |
|
|a Contenido solo disponible en los productos indicados
|d vLex Global
|d vLex Global (Academic Edition, excluding Law Schools)
|d vLex Global (U.S. Academic Edition, Law Schools)
|d vLex Global (U.S. Academic Edition, excluding Law Schools)
|d vLex Global (Academic Edition, Law Schools)
|
| 650 |
0 |
4 |
|2 Tesauro vLex
|a Derechos fundamentales
|
| 650 |
0 |
4 |
|2 Tesauro vLex
|a Constitucional
|
| 700 |
1 |
|
|a Alzaga Villaamil, Oscar,
|e dir
|
| 700 |
1 |
|
|a Sǹchez Agesta, Luis,
|d 1914-1997
|
| 710 |
1 |
|
|a Espaą.
|b Cortes Generales,
|e ed
|
| 740 |
0 |
|
|a vLex Libros (Servicios en ln̕ea)
|
| 856 |
4 |
0 |
|z Acceso restringido
|u http://vlex.com/source/constitucion-espa-ola-comentarios-tomo-viii-1638
|
| 942 |
|
|
|c BOOK
|